|
|
|
|
| LEADER |
01414nam a2200301 a 4500 |
| 001 |
16644 |
| 003 |
BD-DhAAL |
| 008 |
091207s2005 maua b 001 0 eng d |
| 999 |
|
|
|c 6076
|d 6076
|
| 010 |
|
|
|a 2004060952
|
| 020 |
|
|
|a 0262012162 (alk. paper)
|
| 020 |
|
|
|a 9780262012164
|
| 040 |
|
|
|a DLC
|c DLC
|d DLC
|d BD-DhAAL
|
| 082 |
0 |
0 |
|a 332
|2 22
|
| 100 |
1 |
|
|a Armendariz, Beatriz.
|9 48398
|
| 245 |
1 |
4 |
|a The economics of microfinance /
|c Beatriz Armendáriz de Aghion, Jonathan Morduch.
|
| 260 |
|
|
|a Cambridge, Mass. :
|b MIT Press,
|c c2005.
|
| 300 |
|
|
|a xiv, 346 pages :
|b illustrations ;
|c 24 cm.
|
| 504 |
|
|
|a Includes bibliographical references (pages [311]-329) and indexes.
|
| 541 |
1 |
|
|a Donated By Akbar Ali Khan (38562)
|e 16644, 38562
|
| 650 |
|
0 |
|a Microfinance.
|9 48399
|
| 650 |
|
0 |
|a Economics.
|9 48401
|
| 700 |
1 |
|
|a Morduch, Jonathan.
|9 48400
|
| 852 |
4 |
|
|a Ayesha Abed Library
|c General Stacks
|
| 942 |
|
|
|2 ddc
|c BK
|
| 952 |
|
|
|0 0
|1 0
|2 ddc
|4 0
|6 332_ARM_200500000000000
|7 0
|9 6066
|a BRACUL
|b BRACUL
|c GEN
|d 2009-12-14
|l 1
|m 23
|o 332 ARM
|p 3010016644
|r 2018-07-13
|s 2018-01-29
|t 1
|w 2009-12-14
|y BK
|
| 952 |
|
|
|0 0
|1 0
|2 ddc
|4 0
|6 332_ARM_200500000000000
|7 0
|9 7679
|a BRACUL
|b BRACUL
|c GEN
|d 2010-02-01
|l 3
|m 13
|o 332 ARM
|p 3010016645
|r 2013-01-30
|s 2012-12-19
|t 2
|w 2010-02-01
|y BK
|
| 952 |
|
|
|0 0
|1 0
|2 ddc
|4 0
|6 332_000000000000000_ARM
|7 1
|9 70609
|a BRACUL
|b BRACUL
|c AAKC
|d 2022-05-16
|e Donated by Akbar Ali Khan
|l 0
|o 332 ARM
|p 3010038562
|r 2022-05-16
|t 3
|w 2022-05-16
|y BK
|